00831nam a2200253 a 450000100060000000300080000600500170001400800410003102000150007202000150008703500190010204000270012104100080014808200220015610000280017824501180020626000410032430000250036549000390039050000620042950000200049165000270051170000390053870596BD-RjUL20211209082023.0170419s1983 nyu 001 0 eng d a0387907971 a3540907991 a(BD-RjUL)70810 aDLCcDLCdBD-RjULbeng aeng00a515223bSMP 19831 aSmith, Kennan T.d1926-10aPrimer of modern analysis :bdirections for knowing all dark things, Rhind papyrus, 1800 B.C. /cKennan T. Smith. aNew York :bSpringer-Verlag,cc1983. axv, 446 p. ;c24 cm. aUndergraduate texts in mathematics aOriginally published: New York? : Bogden & Quigley, 1971. aIncludes index. 0aMathematical analysis. aUndergraduate texts in mathematics